Najludniejsze powiaty ziemskie - Statystyki

Ogólne statystyki
  • Ten quiz został rozwiązany 64 razy
  • Średni wynik to 10 z 15
Statystyki odpowiedzi
Populacja Województwo Powiat % Poprawnych
270 490 małopolskie krakowski
95%
366 037 wielkopolskie poznański
95%
208 526 świętokrzyskie kielecki
78%
200 600 małopolskie tarnowski
78%
167 342 podkarpackie rzeszowski
75%
212 894 małopolskie nowosądecki
73%
209 407 pomorskie wejherowski
73%
190 517 małopolskie nowotarski
64%
162 545 kujawsko-pomorskie inowrocławski
61%
235 043 mazowieckie wołomiński
61%
162 128 śląskie bielski
58%
165 130 łódzkie zgierski
58%
177 007 mazowieckie piaseczyński
53%
177 562 śląskie cieszyński
51%
162 465 dolnośląskie kłodzki
49%
Nie znaleziono quizów pasujących do podanych kryteriów
Rozkład punktacji
Procent ludzi z każdym wynikiem
Percentyl według liczby udzielonych odpowiedzi
Twoja historia wyników
Nie rozwiązałeś tego quizu